Importaciones de Costa Rica

Análisis de las importaciones basado en la incorporación de una matriz origen-destino, para el periodo 1973 y 1974, fija la estructura de las importaciones, tendencia al cambio que esta muestra en términos de destino, desagregando las compras del sector secundario, en consumo y del sector servicios....

Celý popis

Uloženo v:
Podrobná bibliografie
Korporativní autor: Costa Rica. Presidencia de la República. Oficina de Planificación Nacional y Política Económica
Médium: Text
Vydáno: San José: OFIPLAN
Témata:
Tagy: Přidat tag
Žádné tagy, Buďte první, kdo vytvoří štítek k tomuto záznamu!

MARC

LEADER 00000 a a2200000 04500
001 19874
003
040
090 |a 080600  
110 |a Costa Rica. Presidencia de la República. Oficina de Planificación Nacional y Política Económica  
245 |a Importaciones de Costa Rica  
260 |a San José:   |b OFIPLAN  
300 |a 25 p.  
520 |a Análisis de las importaciones basado en la incorporación de una matriz origen-destino, para el periodo 1973 y 1974, fija la estructura de las importaciones, tendencia al cambio que esta muestra en términos de destino, desagregando las compras del sector secundario, en consumo y del sector servicios. Analiza también las medidas de política económica implementadas en 1974 y las posibilidades de comprimir la importaciones./ACM  
650 |a COSTA RICA  
650 |a IMPORTACIONES  
650 |a POLITICA ECONOMICA  
650 |a COMERCIO EXTERIOR  
650 |a POLITICA COMERCIAL  
999 |c 13474  |d 13474